000 00742cab a2200253 4500
001 WB3325-02
008 090401t1997 xxu||||| |||| 00| 0 eng d
035 _a(Sirsi) u79268
041 _aeng
245 _aRoad tendering
260 _c1997
350 _a0
490 _aConstruction News
_v(6521) 26 June 1997, 1(2)
520 _aThe Highways Agency is to launch a new approach to road tendering aimed at stopping contractors exploiting the claims disputes system.
650 _aCONSTRUCTION CLAIMS
650 _aCONTRACTORS
650 _aDISPUTES
650 _aHIGHWAYS AGENCY
650 _aROAD CONTRACTS
650 _aTENDERS
690 _aBUILT ENVIRONMENT-BUILDING CONTRACT FORMS
942 _n0
948 _c27/06/1997
999 _c49833
_d49833